| 000 | 02850cam a2200361 i 4500 | ||
|---|---|---|---|
| 001 | 17885701 | ||
| 003 | Nust- CAS-E | ||
| 005 | 20180118181405.0 | ||
| 008 | 130913s2014 enka b 001 0 eng | ||
| 010 | _a 2013037202 | ||
| 020 | _a9780470065518 (hardback) | ||
| 020 | _a0470065516 (hardback) | ||
| 040 |
_aDLC _beng _cDLC _erda _dDLC |
||
| 042 | _apcc | ||
| 050 | 0 | 0 |
_aTK8322 _b.S65 2014 |
| 082 | 0 | 0 |
_a621.3815/42 _223 _bSOL 2014 C1 |
| 084 |
_aTEC021000 _2bisacsh |
||
| 245 | 0 | 0 |
_aSolar cell materials : _bdeveloping technologies / _cedited by Gavin Conibeer, School of Photovoltaic and Renewable Energy Engineering, University of New South Wales, Australia, Arthur Willoughby, Emeritus Professor, Engineering Materials Research Group, Faculty of Engineering and the Environment, Southampton University, UK. |
| 300 |
_axi, 325 pages : _billustrations ; _c26 cm. |
||
| 490 | 0 | _aWiley series in materials for electronic and optoelectronic applications | |
| 502 | 0 | _a0 | |
| 520 | _a"This book presents a comparison of solar cell materials, including both new materials based on organics, nanostructures and novel inorganics and developments in more traditional photovoltaic materials. Introductory chapters cover physical characterisation and fundamental physical limits including the importance of characterization in assessing semiconductor and PV properties with particular emphasis on new techniques or new applications. Later chapters discuss developments in current technologies such as bulk crystalline solid-state semiconductor materials, and emerging materials and approaches such as amorphous and microcrystalline silicon solar cells. Finally, the book surveys the materials and materials trends in the field including third generation solar cells (multiple energy level cells, thermal approaches and the modification of the solar spectrum) with an eye firmly on low costs, energy efficiency and the use of abundant non-toxic materials"-- | ||
| 520 | _a"This book presents a comparison of solar cell materials, including both new materials based on organics, nanostructures and novel inorganics and developments in more traditional photovoltaic materials"-- | ||
| 650 | 0 |
_aPhotovoltaic cells _xMaterials. |
|
| 650 | 7 |
_aTECHNOLOGY & ENGINEERING / Material Science. _2bisacsh |
|
| 700 | 1 |
_aConibeer, Gavin, _eeditor. |
|
| 700 | 1 |
_aWilloughby, Arthur, _eeditor. |
|
| 776 | 0 | 8 |
_iOnline version: _tPhotovoltaic materials _dChichester, West Sussex, United Kingdom : Wiley, 2014 _z9781118695814 _w(DLC) 2013038585 |
| 856 | 4 | 2 |
_3Cover image _uhttp://catalogimages.wiley.com/images/db/jimages/9780470065518.jpg |
| 906 |
_a7 _bcbc _corignew _d1 _eecip _f20 _gy-gencatlg |
||
| 942 |
_2ddc _cBK |
||
| 999 |
_c355537 _d355537 |
||